Unicornie. (Záznam č. 34187)
| 000 -Návěští | |
|---|---|
| Řídící pole kódované 24B | 01949nam a2200433 i 4500 |
| 001 - Kontrolní číslo | |
| Řídící pole proměnné | 5228463 |
| 003 - Identifikátor kontrolního čísla | |
| Řídící pole proměnné | CZ PrSKC |
| 005 - Datum posledního zpracování | |
| Řídící pole 16B | 20260417093058.0 |
| 007 - Pole pevné délky pro fyzický popis | |
| Řídící pole kódované | ta |
| 008 - Údaje pevné délky | |
| Řídící pole kódované 40B | 260408s2026 xr a b 000 j cze |
| 020 ## - ISBN | |
| ISBN | 9788000080987 |
| Dostupnost | Kč 269,00 |
| 040 ## - Zdroj katalogizace-agentura | |
| Agentura původní katalogizace | ABG001 |
| Jazyk katalogizace | cze |
| Použitá pravidla popisu | rda |
| 041 1# - Kód jazyka | |
| Kód jazyka textu/zvuku, mezititulků | cze |
| Kód jazyka originálu | spa |
| 072 #7 - Kód předmětové kategorie - Konspekt | |
| Předmětová kategorie | 821.134.2-3 |
| Zpřesnění předmětové kategorie | Španělská próza, španělsky psaná |
| Zdroj předmětové klasifikace | Konspekt |
| 072 #7 - Kód předmětové kategorie - Konspekt | |
| Předmětová kategorie | 821-93 |
| Zpřesnění předmětové kategorie | Literatura pro děti a mládež (beletrie) |
| Zdroj předmětové klasifikace | Konspekt |
| 080 ## - MDT | |
| Klasifikační znak MDT | 821.134.2-32 |
| Idetifikátor vydání MDT | MRF |
| 080 ## - MDT | |
| Klasifikační znak MDT | 821-93 |
| Idetifikátor vydání MDT | MRF |
| 080 ## - MDT | |
| Klasifikační znak MDT | (0:82-32) |
| Idetifikátor vydání MDT | MRF |
| 100 1# - Hlavní záhlaví - osobní jméno autora | |
| Osobní jméno | Punset, Ana, |
| Datumy související se jménem | 1981- |
| Kód role | aut |
| 9 (RLIN) | 20666 |
| 240 10 - Unifikovaný název | |
| Unifikovaný název | <a href="Fiesta del revés.">Fiesta del revés.</a> |
| Jazyk díla | Česky |
| 245 10 - Údaje o názvu | |
| Název | Unicornie. |
| Název části/sekce díla | Kouzelné narozeniny / |
| Údaj o odpovědností, atd. | Ana Punset ; ilustrace Diana Vicedo ; ze španělského originálu Una fiesta del revés ... přeložila Ilona Staňková |
| 246 30 - Variantní vázvy | |
| Hlavní název/zkrácený název | Kouzelné narozeniny |
| 250 ## - Údaje o vydání | |
| Označení vydání | 1. vydání |
| 264 #1 - Nakladatelské údaje | |
| Místo vydání | V Praze : |
| Nakladatel | Albatros, |
| Rok vydání | 2026 |
| 300 ## - Fyzický popis | |
| Rozsah | 122 stran : |
| další fyzické údaje | barevné ilustrace ; |
| Rozměry | 21 cm |
| 500 ## - Všeobecná poznámka | |
| Text obecné poznámky | Na hřbetu knihy uvedeno číslo: 2 |
| 520 2# - Anotace | |
| Anotace, atd. | Pokračování fantasy příběhu Klaudie, která teď v Unicornii bude chystat narozeninovou oslavu pro kamarádku. |
| Rozšířený text anotace | Klaudie se nedávno přistěhovala do Unicornie, naučila se létat na jednorožcích a poznala nové kamarádky Paulu a Sáru. Paula bude totiž slavit narozeniny a Klaudie se Sárou pilují program té nejbáječnější oslavy, jakou kdy Unicornie zažila! Ale ouha, sněhová bouře hatí plány a Paulini rodiče nestihnou na party přiletět včas. Nakladatelská anotace. Kráceno. |
| 546 ## - Poznámka o jazyku | |
| Poznámka o jazyku | Český text |
| 655 #7 - Rejstříkový termín - žánr/forma | |
| Žánr/forma či základní termín | španělské příběhy |
| -- | 6044 |
| 655 #7 - Rejstříkový termín - žánr/forma | |
| Žánr/forma či základní termín | publikace pro děti |
| 655 #9 - Rejstříkový termín - žánr/forma | |
| Žánr/forma či základní termín | Spanish stories |
| -- | 6045 |
| 655 #9 - Rejstříkový termín - žánr/forma | |
| Žánr/forma či základní termín | children's literature |
| 700 1# - Vedlejší záhlaví - osobní jméno autora | |
| Osobní jméno | Vicedo, Diana |
| Kód role | ill |
| 9 (RLIN) | 20667 |
| 700 1# - Vedlejší záhlaví - osobní jméno autora | |
| Osobní jméno | Staňková, Ilona |
| Kód role | trl |
| 9 (RLIN) | 20668 |
| 710 2# - Vedlejší záhlaví - jméno korporativního autora | |
| Jméno korporace nebo jurisdikce | Nakladatelství Albatros |
| Kód role | pbl |
| 9 (RLIN) | 20516 |
| 765 0# - Záhlaví v originálním jazyce | |
| Název | Unicornia |
| 910 ## - Údaje o vlastníkovi jednotky (exempláře) | |
| Sigla vlastníka jednotky | ABG508 |
| Stav ztráty | Zdroj klasifikace pro skladování | Stav poškození |
|---|---|---|
| Universal Decimal Classification |